La mujer soviética (Record no. 1493)
[ view plain ]
| 000 -LEADER | |
|---|---|
| campo de control de longitud fija | 00839nas a2200253 i 4500 |
| 001 - NÚMERO DE CONTROL | |
| campo de control | 1493 |
| 003 - IDENTIFICADOR DE NÚMERO DE CONTROL | |
| campo de control | ES-MaACL |
| 005 - FECHA Y HORA DE LA ÚLTIMA TRANSACCIÓN | |
| campo de control | 20250819170102.0 |
| 007 - CAMPO FIJO DE DESCRIPCIÓN FÍSICA--INFORMACIÓN GENERAL | |
| campo de control de longitud fija | t| |
| 008 - DATOS DE LONGITUD FIJA--INFORMACIÓN GENERAL | |
| campo de control de longitud fija | 950801d19451991ru | | 1 ||pa d |
| 022 ## - NÚMERO INTERNACIONAL NORMALIZADO PARA PUBLICACIONES SERIADAS | |
| Número Internacional Normalizado para Publicaciones Seriadas | 0206-1457 |
| 080 ## - NÚMERO DE LA CLASIFICACIÓN DECIMAL UNIVERSAL | |
| Número de la Clasificación Decimal Universal | 396 |
| 245 03 - MENCIÓN DEL TÍTULO | |
| Título | La mujer soviética |
| Resto del título | : revista social, política y literaria / |
| Mención de responsabilidad, etc. | Comité de Mujeres Soviéticas, Consejo Central de los Sindicatos de la URSS. |
| 260 ## - PUBLICACIÓN, DISTRIBUCIÓN, ETC. | |
| Lugar de publicación, distribución, etc. | Moscú : |
| Nombre del editor, distribuidor, etc. | C.M.S., C.C.S. URSS, |
| Fecha de publicación, distribución, etc. | 1945-1991. |
| 300 ## - DESCRIPCIÓN FÍSICA | |
| Extensión | 1 v. ; |
| Dimensiones | 34 cm. |
| 310 ## - PERIODICIDAD ACTUAL | |
| Periodicidad actual | Mensual |
| 362 0# - FECHAS DE PUBLICACIÓN Y/O DESIGNACIÓN SECUENCIAL | |
| Fecha de publicación y/o designación secuencial | N. 1 (1945)-(1991) |
| 546 ## - NOTA DE IDIOMA | |
| Nota de lengua/lenguaje | Se edita en catorce idiomas. |
| 650 17 - PUNTO DE ACCESO ADICIONAL DE MATERIA--TÉRMINO DE MATERIA | |
| Término de materia o nombre geográfico como elemento de entrada | Feminismo |
| Fuente del encabezamiento o término | embne |
| 9 (RLIN) | 12744 |
| 710 1# - ENTRADA AGREGADA--NOMBRE DE ENTIDAD CORPORATIVA | |
| Nombre de entidad corporativa o nombre de jurisdicción como elemento de entrada | URSS. |
| Unidad subordinada | Consejo Central de los Sindicatos. |
| -- | Comité de Mujeres Soviéticas. |
| 9 (RLIN) | 7522 |
| 852 ## - LOCALIZACIÓN | |
| Ubicación | ES-MaACL |
| Número de control de estantería | HEM-H-474 |
| Encuadernación | Olim: Hem-1766 |
| 866 #0 - MENCIÓN TEXTUAL DE FONDOS--UNIDAD BIBLIOGRÁFICA BÁSICA | |
| Fondos | 1987-91 |
| Estatus retirado | Estado de pérdida | Estado de daño | No para préstamo | Colección | Biblioteca de origen | Biblioteca actual | Ubicación en estantería | Fecha de adquisición | Fuente de adquisición | Total de préstamos | Signatura topográfica completa | Código de barras | Visto por última vez | Precio de reemplazo | Tipo de ítem Koha |
|---|---|---|---|---|---|---|---|---|---|---|---|---|---|---|---|
| Periódicos y Revistas | Biblioteca del Ateneo de Madrid | Biblioteca del Ateneo de Madrid | Hemeroteca | 17/01/2008 | HEM-H-474 | 1001524 | 23/02/2023 | 23/02/2023 | Revista |
